Central Library OPAC University of Rajshahi

Physics for biology and pre-med students / (Record no. 37075)

MARC details
000 -LEADER
fixed length control field 00797nam a2200289 a 4500
001 - CONTROL NUMBER
control field 37075
003 - CONTROL NUMBER IDENTIFIER
rucl marc code BD-RjUL
005 - DATE AND TIME OF LATEST TRANSACTION
control field 20211209052556.0
008 - FIXED-LENGTH DATA ELEMENTS--GENERAL INFORMATION
fixed length control field 141013s1975 paua 001 0 eng
020 ## - INTERNATIONAL STANDARD BOOK NUMBER
International Standard Book Number 0721642489
035 ## - SYSTEM CONTROL NUMBER
System control number (BD-RjUL)37177
040 ## - CATALOGING SOURCE
Original cataloging agency DLC
Transcribing agency DLC
Modifying agency DLC
-- BD-RjUL
Language of cataloging eng
041 ## - LANGUAGE CODE
Language code of text/sound track or separate title eng
060 ## - NATIONAL LIBRARY OF MEDICINE CALL NUMBER
Classification number QC21.2 G798p
082 00 - DEWEY DECIMAL CLASSIFICATION NUMBER
Classification number 530
Author mark and year GRP 1975
100 1# - MAIN ENTRY--PERSONAL NAME
Personal name Greenberg, Leonard H.
9 (RLIN) 113364
245 10 - TITLE STATEMENT
Title Physics for biology and pre-med students /
Statement of responsibility, etc. Leonard H. Greenberg.
260 ## - PUBLICATION, DISTRIBUTION, ETC. (IMPRINT)
Place of publication, distribution, etc. Philadelphia :
Name of publisher, distributor, etc. Saunders,
Date of publication, distribution, etc. 1975.
300 ## - PHYSICAL DESCRIPTION
Pagination xiii, 621 p. :
Illustrations ill. ;
Size 27 cm.
490 0# - SERIES STATEMENT
Series statement Saunders golden series
500 ## - GENERAL NOTE
General note Includes index.
650 #0 - SUBJECT ADDED ENTRY--TOPICAL TERM
Topical term or geographic name as entry element Physics.
9 (RLIN) 113365
Topical term or geographic name as entry element Physics.
9 (RLIN) 113366
942 ## - ADDED ENTRY ELEMENTS (KOHA)
Source of classification or shelving scheme Dewey Decimal Classification
Koha item type Books
Holdings
Lost status Source of classification or shelving scheme Damaged status Not for loan Collection code Permanent Location Current Location Shelving location Date acquired Source of acquisition Total Checkouts Full call number Date last seen Copy number Koha item type
  Dewey Decimal Classification   Not For Loan Non-fiction Institute of Biological Sciences (IBSc) Library Institute of Biological Sciences (IBSc) Library   13/10/2014 Asia Foundation   530 GRP 1975 13/10/2014 C-1 Books